All Star Wars: The Clone Wars Episode Titles - Statistics

General Stats
  • This quiz has been taken 33 times
  • The average score is 46 of 133
Answer Stats
Episodes Answer % Correct
S1E01 Ambush
76%
S1E04 Destroy Malevolence
62%
S1E02 Rising Malevolence
62%
S1E03 Shadow of Malevolence
62%
S4E10 Carnage of Krell
57%
S1E05 Rookies
57%
S7E01 The Bad Batch
57%
S3E02 ARC Troopers
52%
S1E08 Bombad Jedi
52%
S3E18 The Citadel
52%
S5E16 The Lawless
52%
S7E12 Victory and Death
52%
S4E01 Water War
52%
S7E02 A Distant Echo
48%
S6E05 An Old Friend
48%
S4E07 Darkness on Umbara
48%
S2E14 Duchess of Mandalore
48%
S1E07 Duel of the Droids
48%
S3E10 Heroes on Both Sides
48%
S1E22 Hostage Crisis
48%
S1E20 Innocents of Ryloth
48%
S1E19 Storm Over Ryloth
48%
S7E10 The Phantom Apprentice
48%
S5E20 The Wrong Jedi
48%
S3E16 Altar of Mortis
43%
S4E20 Bounty
43%
S4E21 Brothers
43%
S3E01 Clone Cadets
43%
S2E01 Holocron Heist
43%
S2E05 Landing at Point Rain
43%
S7E09 Old Friends Not Forgotten
43%
S4E22 Revenge
43%
S4E17 The Box
43%
S5E18 The Jedi Who Knew Too Much
43%
S3E07 Assassin
38%
S5E11 A Sunny Day in the Void
38%
S1E17 Blue Shadow Virus
38%
S2E08 Brain Invaders
38%
S1E11 Dooku Captured
38%
S1E06 Downfall of a Droid
38%
S3E17 Ghosts of Mortis
38%
S2E09 Grievous Intrigue
38%
S1E10 Lair of Grievous
38%
S2E07 Legacy of Terror
38%
S3E12 Nightsisters
38%
S3E21 Padawan Lost
38%
S2E21 R2 Come Home
38%
S7E11 Shattered
38%
S4E12 Slaves of the Republic
38%
S6E10 The Lost One
38%
S5E19 To Catch a Jedi
38%
S6E11 Voices
38%
S3E22 Wookiee Hunt
38%
S2E17 Bounty Hunters
33%
S2E16 Cat and Mouse
33%
S3E20 Citadel Rescue
33%
S6E02 Conspiracy
33%
S1E14 Defenders of Peace
33%
S6E12 Destiny
33%
S5E14 Eminence
33%
S3E09 Hunt for Ziro
33%
S1E13 Jedi Crash
33%
S1E21 Liberty on Ryloth
33%
S7E03 On the Wings of Keeradaks
33%
S6E04 Orders
33%
S5E01 Revival
33%
S2E15 Senate Murders
33%
S2E04 Senate Spy
33%
S4E04 Shadow Warrior
33%
S6E08 The Disappeared, Part I
33%
S6E09 The Disappeared, Part II
33%
S4E08 The General
33%
S1E12 The Gungan General
33%
S1E16 The Hidden Enemy
33%
S6E06 The Rise of Clovis
33%
S2E18 The Zillo Beast
33%
S2E19 The Zillo Beast Strikes Back
33%
S3E14 Witches of the Mist
33%
S4E14 A Friend in Need
29%
S3E19 Counter Attack
29%
S4E18 Crisis on Naboo
29%
S4E13 Escape from Kadavo
29%
S4E16 Friends and Enemies
29%
S7E05 Gone with a Trace
29%
S4E02 Gungan Attack
29%
S2E22 Lethal Trackdown
29%
S4E19 Massacre
29%
S4E05 Mercy Mission
29%
S3E13 Monster
29%
S4E06 Nomad Droids
29%
S3E15 Overlords
29%
S4E09 Plan of Dissent
29%
S5E13 Point of No Return
29%
S4E03 Prisoners
29%
S6E13 Sacrifice
29%
S2E12 The Mandalore Plot
29%
S1E15 Trespass
29%
S2E13 Voyage of Temptation
29%
S2E06` Weapons Factory
29%
S2E02 Cargo of Doom
24%
S2E03 Children of the Force
24%
S1E09 Cloak of Darkness
24%
S3E05 Corruption
24%
S7E07 Dangerous Debt
24%
S5E03 Front Runners
24%
S6E03 Fugitive
24%
S2E11 Lightsaber Lost
24%
S1E18 Mystery of a Thousand Moons
24%
S3E11 Pursuit of Peace
24%
S5E17 Sabotage
24%
S5E15 Shades of Reason
24%
S3E03 Supply Lines
24%
S2E10 The Deserter
24%
S5E05 Tipping Points
24%
S7E04 Unfinished Business
24%
S5E09 A Necessary Bond
19%
S5E07 A Test of Strength
19%
S5E02 A War on Two Fronts
19%
S5E08 Bound for Rescue
19%
S6E07 Crisis at the Heart
19%
S2E20 Death Trap
19%
S4E15 Deception
19%
S4E11 Kidnapped
19%
S5E12 Missing in Action
19%
S5E10 Secret Weapons
19%
S3E06 The Academy
19%
S5E06 The Gathering
19%
S5E04 The Soft War
19%
S6E01 The Unknown
19%
S7E06 Deal No Deal
14%
S3E08 Evil Plans
14%
S3E04 Sphere of Influence
14%
S7E08 Together Again
14%
No matching quizzes found
Score Distribution
Percent of People with Each Score
Percentile by Number Answered
Your Score History
You have not taken this quiz